MARC

LEADER 00000nam0a2200000 4500
001 285923
005 20231101235837.0
020 |a RU  |b 83-81094 
035 |a (RuTPU)RU\TPU\book\310210 
090 |a 285923 
100 |a 20150302d1983 k y0rusy5003 ca 
101 0 |a rus 
102 |a RU 
105 |a a z 001zy 
200 1 |a Петрология верхнепалеозойских гранитов Центрального Казахстана  |f Е. В. Негрей  |g Академия наук СССР (АН СССР), Институт геологии рудных месторождений, петрографии, минералогии и геохимии (ИГЕМ) 
210 |a Москва  |c Наука  |d 1983 
215 |a 168 с.  |c ил. 
320 |a Библиогр.: с. 162-167 
606 |a Гранитоиды  |x Петрография  |2 stltpush  |3 (RuTPU)RU\TPU\subj\69009  |9 84040 
610 1 |a геология 
610 1 |a Центральный Казахстан 
610 1 |a палеозой 
610 1 |a расчленение 
610 1 |a геологическое строение 
610 1 |a гранитные породы 
610 1 |a радиологические характеристики 
610 1 |a интрузивы 
610 1 |a химический состав 
610 1 |a геохимические особенности 
610 1 |a гранитный магматизм 
675 |a 552.321.1/.3  |v 3 
700 1 |a Негрей  |b Е. В.  |g Елена Валентиновна 
712 0 2 |a Академия наук СССР (АН СССР)  |b Институт геологии рудных месторождений, петрографии, минералогии и геохимии (ИГЕМ)  |c (Москва)  |2 stltpush  |3 (RuTPU)RU\TPU\col\11398 
801 0 |a RU  |b RuMRKP  |c 19950704  |g psbo 
801 1 |a RU  |b 63413507  |c 20150302 
801 2 |a RU  |b 63413507  |c 20180222  |g RCR 
942 |c BK